Statistics for Top US Liberal Arts Colleges

Click here to take the quiz!

General Stats

  • This quiz has been taken 2,044 times
    (838 since last reset)
  • The average score is 21 of 50

Answer Stats

HintStateAnswer% Correct
2Mass.Amherst
80%
1Mass.Williams
76%
6MaineBowdoin
71%
4Calif.Pomona
69%
3Penn.Swarthmore
65%
9Vt.Middlebury
59%
22MaineBates
58%
15MaineColby
58%
36OhioOberlin
57%
15Mass.Smith
57%
4Mass.Wellesley
57%
20Conn.Wesleyan
53%
13IowaGrinnell
52%
6Calif.Claremont McKenna
49%
25Calif.Harvey Mudd
49%
15Penn.Haverford
49%
13N.Y.Vassar
49%
28Penn.Bryn Mawr
48%
9Minn.Carleton
48%
25Colo.Colorado College
48%
20N.Y.Colgate
47%
9N.Y.Hamilton
46%
34Mass.Mount Holyoke
43%
15N.C.Davidson
42%
22N.Y.Barnard
41%
28OhioKenyon
41%
28Calif.Scripps
41%
36Calif.Pitzer
38%
9Virg.Washington and Lee
38%
44Conn.Trinity
37%
27Minn.Macalester
35%
6Md.U.S. Naval Academy
34%
40Penn.Lafayette
33%
15N.Y.U.S. Military Academy
33%
34Penn.Bucknell
32%
40Calif.Occidental
32%
22Virg.University of Richmond
31%
28Colo.U.S. Air Force Academy
29%
36N.Y.Skidmore
28%
44N.Y.Union
27%
47Penn.Dickinson
26%
44OhioDenison
23%
36Mass.Holy Cross
22%
43Penn.Franklin & Marshall
19%
47Wash.Whitman
19%
47Tenn.University of the South (Sewanee)
18%
47Ind.DePauw
14%
33Ky.Berea
13%
28Calif.Soka University
12%
40Calif.Thomas Aquinas
6%

Score Distribution

Percentile by Number Answered

Percent of People with Each Score

Your Score History

You have not taken this quiz since the last reset